Statistics for Countries Containing Multiple U's

Click here to take the quiz!

General Stats

  • This quiz has been taken 186 times
    (138 since last reset)
  • The average score is 6 of 12

Answer Stats

# Country % Correct
3Uruguay
90%
2Tuvalu
63%
2Burundi
62%
2South Sudan
58%
2Vanuatu
58%
2Guinea-Bissau
53%
2Papua New Guinea
49%
2Equatorial Guinea
48%
2Nauru
45%
2Luxembourg
38%
2Antigua & Barbuda
33%
2Mauritius
25%

Score Distribution

Percentile by Number Answered

Percent of People with Each Score

Your Score History

You have not taken this quiz since the last reset